Bệnh vi khuẩn và virus hại cây trồng Giáo trình cho sinh viên BVTV các trường Đại học nông nghiệp

Đã lưu trong:
书目详细资料
主要作者: Lê, Lương Tề
格式: 图书
语言:Undetermined
出版: Hà Nội Giáo dục 1999
主题:
标签: 添加标签
没有标签, 成为第一个标记此记录!
Thư viện lưu trữ: Trung tâm Học liệu Trường Đại học Cần Thơ
LEADER 00636nam a2200193Ia 4500
001 CTU_37070
008 210402s9999 xx 000 0 und d
082 |a 632.32 
082 |b T250 
100 |a Lê, Lương Tề 
245 0 |a Bệnh vi khuẩn và virus hại cây trồng 
245 0 |b Giáo trình cho sinh viên BVTV các trường Đại học nông nghiệp 
245 0 |c Lê Lương Tề, Vũ Triệu Mân 
260 |a Hà Nội 
260 |b Giáo dục 
260 |c 1999 
650 |a Plant diseases 
904 |i Qhieu sua 
980 |a Trung tâm Học liệu Trường Đại học Cần Thơ